000 005870000a22001930004500
090 _aAR
_b00150
245 1 0 _aGéneros venezolanos de las Mimosoideae (<Leguminosae>)
650 1 4 _aLeguminosas
_94394
650 1 4 _aVegetación
_992799
650 1 4 _aBotánica
_9361
650 1 4 _aSistemática vegetal
_95234
650 1 4 _aTaxonomía vegetal
_992262
651 4 _pVenezuela
_992749
653 _fMimosoideae
041 0 _aEspañol
100 1 _aCárdenas de Guevara, Lourdes
_993010
942 _cARTICULO
773 1 _tRevista de la Facultad Nacional de Agronomía
_368
_h3
_q109-194
_d1974
_g7
999 _c9251
_d9251